Statistics for Initial Letters of European Capitals - 30 Seconds

Click here to take the quiz!

General Stats

  • This quiz has been taken 61 times
  • The average score is 22 of 45

Answer Stats

CountryCapital% Correct
AndorraA
98%
BelgiumB
98%
AustriaV
95%
Bosnia and HerzegovinaS
93%
BulgariaS
93%
GreeceA
91%
GermanyB
91%
BelarusM
91%
DenmarkC
89%
FinlandH
89%
FranceP
89%
Czech RepublicP
89%
AlbaniaT
89%
CroatiaZ
89%
EstoniaT
86%
HungaryB
82%
IcelandR
80%
IrelandD
75%
ItalyR
73%
KosovoP
55%
LatviaR
52%
LiechtensteinV
45%
LuxembourgL
41%
LithuaniaV
39%
MaltaV
34%
MonacoM
32%
MacedoniaS
32%
MoldovaC
30%
MontenegroP
25%
NetherlandsA
23%
NorwayO
16%
RomaniaB
14%
PortugalL
14%
San MarinoS
14%
PolandW
14%
SwitzerlandB
11%
SerbiaB
11%
RussiaM
11%
SlovakiaB
9%
UkraineK
9%
SloveniaL
9%
SpainM
9%
SwedenS
9%
United KingdomL
7%
Vatican CityV
7%

Score Distribution

Percentile by Number Answered

Percent of People with Each Score

Your Score History

You have not taken this quiz